| 000 | 00742nam a2200241 a 4500 | ||
|---|---|---|---|
| 001 | BRCA_7815 | ||
| 005 | 20190320210016.0 | ||
| 008 | 171013s1922----gw-a######---#000-0#ger-# | ||
| 041 | _ager | ||
| 044 | _agw | ||
| 050 | 4 |
_aN2333 _b.H38 1922 |
|
| 100 | 1 |
_aHausladen, Armin _919355 |
|
| 245 | 1 | 0 |
_aKostlichkeiten aus dem Munchener Residenz Museum _cArmin Hausladen ; impresiones de luz por J. B. Obernetter. |
| 260 |
_aMúnich _bPraktische Kunstwissenschaft _c1922 |
||
| 300 |
_a129 p. _bil., 59 láminas _c29 cm. |
||
| 500 | _aY2 | ||
| 610 | 2 | 4 |
_aResidenzmuseum (Múnich) _919356 |
| 650 | 1 | 4 |
_aArte _zMúnich _918248 |
| 650 | 1 | 4 |
_aGalerías y museos _zAlemania _95059 |
| 700 | 1 |
_aObernetter, J. B. _919357 |
|
| 902 | _aGFM | ||
| 942 |
_2lcc _cB |
||
| 999 |
_c7489 _d7489 |
||